000 00334nam a2200145 i 4500
001 bg
100 1 _aELLIS, R. Ch.
245 0 _aJadernaja technika dlja inżenerov /
_cR.Ch. Ellis.
260 _aMoskva,
_c1961.
040 _cBPK
041 _apol
080 _a621.039
942 _cKS
008 s pl f |000 0 pol
999 _c12807
_d12807
856 _uhttp://koha.tu.koszalin.pl/cgi-bin/koha/opac-detail.pl?biblionumber=12807
_yKatalog online BPK